000 00401nam a2200169Ia 4500
008 240729s9999 xx 000 0 und d
022 _a2075-163X
245 0 _aMinerals
260 _aSwitzerland
260 _bMDPI AG
650 _a Geology
650 _a Mineralogy
650 _aScience
856 _uhttps://doaj.org/toc/291006fefd8d47eaa242a5bd2e145e6e
942 _2ddc
942 _cDOAJEJ
999 _c67851
_d67851
945 _a1
_bMadushi Gamage
_c1
_dMadushi Gamage